All Game Of Thrones Shows Episodes - Statistics

General Stats
  • This quiz has been taken 11 times
  • The average score is 20 of 97
Answer Stats
Hint Answer % Correct
2x9 Blackwater
67%
1x1 Winter Is Coming
67%
1x9 Baelor
56%
6x9 Battle Of The Bastards
56%
8x6 The Iron Throne
56%
6x10 The Winds Of Winter
56%
6x5 The Door
44%
8x3 The Long Night
44%
3x9 The Rains Of Castamere
44%
7x6 Beyond The Wall
33%
1x10 Fire And Blood
33%
5x8 Hardhome
33%
8x5 The Bells
33%
4x10 The Children
33%
1x2 The Kingsroad
33%
4x6 The Laws Of Gods And Men
33%
4x8 The Mountain And The Viper
33%
4x9 The Watchers On The Wall
33%
8x1 Winterfell
33%
1x6 A Golden Crown
22%
8x2 A Knight Of The Seven Kingdoms
22%
4x3 Breaker Of Chains
22%
1x4 Cripples, Bastards, And Broken Things
22%
7x1 Dragonstone
22%
1x5 In The Name Of The Mother
22%
3x5 Kissed By Fire
22%
3x10 Mhysa
22%
4x7 Mockingbird
22%
5x10 Mother's Mercy
22%
2x5 Regent
22%
1x4 Seven
22%
3x7 The Bear And The Maiden Fair
22%
1x10 The Black Queen
22%
3x6 The Climb
22%
5x9 The Dance Of Dragons
22%
7x7 The Dragon And The Wolf
22%
8x4 The Last Of The Starks
22%
4x2 The Lion And The Rose
22%
1x8 The Lord Of The Tides
22%
2x1 The North Remembers
22%
2x4 The Red Dragon And The Gold
22%
6x1 The Red Woman
22%
7x4 The Spoils Of War
22%
5x1 The Wars To Come
22%
1x5 The Wolf And The Lion
22%
4x1 Two Swords
22%
3x1 Valar Dohaeris
22%
2x10 Valar Morghulis
22%
2x3 What Is Dead May Never Die
22%
1x7 You Win Or You Die
22%
2x7 A Man Without Honor
11%
3x4 And Now His Watch Is Ended
11%
2x1 A Son For A Son
11%
6x6 Blood Of My Blood
11%
6x4 Book Of The Stranger
11%
3x2 Dark Wings, Dark Words
11%
1x7 Driftmark
11%
7x5 Eastwatch
11%
4x5 First Of His Name
11%
2x4 Garden Of Bones
11%
2x5 Ghost Of Harrenhal
11%
1x2 Hard Salt Beef
11%
5x3 High Sparrow
11%
6x2 Home
11%
5x5 Kill The Boy
11%
1x4 King Of The Narrow Sea
11%
1x3 Lord Snow
11%
6x8 No One
11%
6x3 Oathbreaker
11%
4x4 Oathkeeper
11%
2x2 Rhaenyra The Cruel
11%
1x3 Second Of His Name
11%
3x8 Second Sons
11%
2x6 Smallfolk
11%
5x4 Sons Of The Harpy
11%
7x2 Stormborn
11%
6x7 The Broken Man
11%
2x3 The Burning Mill
11%
5x7 The Gift
11%
1x9 The Green Council
11%
1x1 The Hedge Knight
11%
1x1 The Heirs Of The Dragon
11%
5x2 The House Of Black And White
11%
1x6 The Morrow
11%
2x2 The Night Lands
11%
2x6 The Old Gods And The New
11%
1x8 The Pointy End
11%
2x8 The Prince Of Winterfell
11%
1x6 The Princess And The Queen
11%
7x3 The Queen's Justice
11%
2x8 The Queen Who Ever Was
11%
2x7 The Red Sowing
11%
1x2 The Rogue Prince
11%
1x3 The Squire
11%
5x6 Unbowed, Unbent, Unbroken
11%
3x3 Walk Of Punishment
11%
1x5 We Light The Way
11%
No matching quizzes found
Score Distribution
Percent of People with Each Score
Percentile by Number Answered
Your Score History
You have not taken this quiz